Mathematical excursions : side trips along paths not generally traveled in elementary courses in mathematics /
Guardado en:
| Autor Principal: | |
|---|---|
| Formato: | Libro |
| Idioma: | English |
| Publicado: |
New York :
Dover,
1957.
|
| Etiquetas: |
Agregar Etiqueta
Sin Etiquetas, Sea el primero en etiquetar este registro!
|
| LEADER | 00628nam a22001575a 4500 | ||
|---|---|---|---|
| 001 | MAT.inmabb003787 | ||
| 008 | 060217r19571933nyua##########000#0#eng#d | ||
| 005 | 20130314161604.0 | ||
| 245 | 1 | 0 | |a Mathematical excursions : |b side trips along paths not generally traveled in elementary courses in mathematics / |c by Helen Abbot Merrill. |
| 260 | |a New York : |b Dover, |c 1957. | ||
| 300 | |a x, 145 p. : |b il. ; |c 20 cm. | ||
| 500 | |a Publicado originalmente: 1933. | ||
| 500 | |a "Answers to some of the problems": p. 144-145. | ||
| 100 | 1 | |a Merrill, Helen Abbot., |d 1864-1949. | |
| 084 | |a 00A08 (00A07) |2 msc2000 | ||
| 859 | |h 00A08 |i M571 |p A-7701 |b BIB. MATEMATICA | ||
